| 000 | 01170nam1a2200277 4500 | ||
|---|---|---|---|
| 001 | RU\NLR\BIBL_A\022472018 | ||
| 005 | 20250807185211.0 | ||
| 035 | _a(NLR Aleph) 022472018 | ||
| 090 |
_a83040 _c83040 |
||
| 100 | _a20250226g1944 d y0rusy50 ca | ||
| 101 | 0 | _akir | |
| 102 | _aKG | ||
| 105 | _ay j 000yy | ||
| 181 | 0 |
_ai _baxxe |
|
| 182 | 0 | _an | |
| 200 | 1 |
_aАрифметикалык маселелердин жана кѳнүгүлѳрдүн жыйнагы _e[башталгыч мектептер үчүн] _fН. С. Попова жана А. Е. Пчелко |
|
| 203 |
_aТекст _bвизуальный _cнепосредственный |
||
| 210 |
_aФрунзе _cКыргызмамбас _d1944- |
||
| 215 | _d22 | ||
| 700 | 1 |
_aПопова _bН. С. _cпедагог-математик _f1885-1975 _gНаталья Сергеевна _3RU\NLR\AUTH\770198576 _4070 |
|
| 701 | 1 |
_aПчёлко _bА. С. _f1890-1981 _gАлександр Спиридонович _3RU\NLR\AUTH\770215769а _4070 |
|
| 852 |
_aNLR _bОНЛ _jКирг./4-771 |
||
| 942 | _cBOOK | ||
| 945 | _aРоссийская национальная библиотека | ||
| 980 | _aBV | ||